| 000 | 00835nam a2200265 n 4500 | ||
|---|---|---|---|
| 001 | C2-0275050 | ||
| 003 | PPAK | ||
| 005 | 20230820102507.0 | ||
| 008 | 061011s2003 maya g a 0 p may d | ||
| 020 | _qpaperback | ||
| 040 |
_aPPAK _beng _cPPAK _erda |
||
| 082 | 0 | 4 |
_223 _a899.231 |
| 090 | 0 | 0 |
_a899.231 _bANU _dKAF |
| 090 | 2 | 0 |
_a899.231 _bANU _dKSS |
| 090 | 2 | 0 |
_a899.231 _bANU _dKWS |
| 245 | 0 | 0 |
_aSANKALAKIRI : _bAntologi Puisi/Cerpen Sempena DIALOG UTARA X / _cDiselnggarakan oleh Anuar Asmadi |
| 264 | 1 |
_a[Kuala Lumpur] : _bGabungan Persatuan Penulis Nasional Malaysia (GAPENA), _c2003 |
|
| 300 |
_avi, 72 pages ; _c21 cm |
||
| 336 |
_2rdacontent _atext |
||
| 337 |
_2rdamedia _aunmediated |
||
| 338 |
_2rdacarrier _avolume |
||
| 650 | 1 | 0 | _aMalay Poetry |
| 700 | 0 |
_aAnuar Asmadi, _ecompiler. |
|
| 942 |
_cB _2ddc |
||
| 999 |
_c82741 _d82741 |
||